Contemporary research in emerging issurance market / (Record no. 81253)

MARC details
000 -LEADER
fixed length control field 00692nam a22002057a 4500
005 - DATE AND TIME OF LATEST TRANSACTION
control field 20131220112526.0
010 ## - LCCN (DPL NO)
LC control number ENG-108899
020 ## - INTERNATIONAL STANDARD BOOK NUMBER
International Standard Book Number 9789382983194
Terms of availability 1150.00
035 ## - SYSTEM CONTROL NUMBER
System control number EN-92432
037 ## - SOURCE OF ACQUISITION
Source of stock number/acquisition DBAD/PUB
082 ## - DEWEY DECIMAL CLASSIFICATION NUMBER
Classification number 368.954
100 ## - MAIN ENTRY--PERSONAL NAME
Personal name Vinayagamoorthy, A.
245 ## - TITLE STATEMENT
Title Contemporary research in emerging issurance market /
Statement of responsibility, etc by A. Vinayagamoorthy [and] C. Sankar
260 ## - PUBLICATION, DISTRIBUTION, ETC. (IMPRINT)
Place of publication, distribution, etc New Delhi
Name of publisher, distributor, etc Manglam Publications
Date of publication, distribution, etc 2014
270 ## - ADDRESS
Address K-129 Gali No.3 Near Shiv Om Jwelers 3-1/2 Pusta Gautam Vihar
City New Delhi
Postal code 110053
300 ## - PHYSICAL DESCRIPTION
Extent 370p.
Dimensions 22cm(Hb)
500 ## - GENERAL NOTE
General note Includes bibliographical references
700 ## - ADDED ENTRY--PERSONAL NAME
Personal name Sankar, C.
942 ## - ADDED ENTRY ELEMENTS (KOHA)
Source of classification or shelving scheme Dewey Decimal Classification
Item type English Books
Call number suffix VIN
Classification part 368.954
Holdings
Withdrawn status Lost status Not for loan Collection code Home library Current library Date acquired Source of acquisition Cost, normal purchase price Full call number Barcode Copy number Cost, replacement price Koha item type
    Not For Loan Non-fiction D.B.Act.Division D.B.Act.Division 18/12/2013 DBAD/PUB 1150.00 368.954 VIN EN-92432 1 1150.00 English Books

© Delhi Public Library
Hit Counter
free hit counter